000 00504nam a2200169 i 4500
001 134143
003 ES-MaACL
005 20230906194617.0
007 t|
008 070905s1968 sp ||||1| spa d
100 1 _aWarusfel, André.
_9116139
245 1 4 _aLos números y sus misterios /
_cAndré Warusfel ; [traducción de Juan Godo].
260 _aBarcelona :
_bMartínez Roca,
_c1968.
300 _a192 p. ;
_c18 cm.
700 1 _aGodo Costa, Juan.
_957532
852 _aES-MaACL
_jC-36269
_bR.68829
999 _c134143
_d134143